00920cam a2200205 450000500170000000800410001702000150005805000220007324501690009524601330026425000110039726000540040830000210046250400270048365000290051065000440053970000470058370000430063070000410067320250716100139.0031002s1999 ag 000 0 spa u a950727207004aKHA330 bD47 199900aDerechos y garantías en el siglo XXI c / Aída Kemelmajer de Carlucci, Roberto M. López Cabana directores ; secretaría y coordinación Miguel A. Piedecasas14aDerecho constitucional, Derecho civil y comercial, Derecho penal, Derecho del trabajo y de la seguridad social, Derecho procesal a1a ed. aBuenos Aires :bRubinzal-Culzoni Editores, c1999 a444 p. ;c23 cm. aIncluye bibliografía102lembaDerechozArgentina 72lembaDerecho constitucionalzArgentina1 aKemelmajer de Carlucci, Aída, edirector1 aLópez Cabana, Roberto M., edirector1 aPiedecasas, Miguel A., ecoordinador